Hãy hiểu mình và biết cách hoàn thiện
Sparad:
| Huvudupphovsman: | |
|---|---|
| Materialtyp: | Bok |
| Språk: | Undetermined |
| Publicerad: |
Hải Phòng
Nhà xuất bản Hải Phòng
2004
|
| Ämnen: | |
| Taggar: |
Lägg till en tagg
Inga taggar, Lägg till första taggen!
|
| Thư viện lưu trữ: | Trung tâm Học liệu Trường Đại học Cần Thơ |
|---|
| LEADER | 00574nam a2200205Ia 4500 | ||
|---|---|---|---|
| 001 | CTU_60269 | ||
| 008 | 210402s9999 xx 000 0 und d | ||
| 020 | |b 32000 | ||
| 082 | |a 133.594951 | ||
| 082 | |b Qu106 | ||
| 100 | |a Quảng Tuệ | ||
| 245 | 0 | |a Hãy hiểu mình và biết cách hoàn thiện | |
| 245 | 0 | |c Quảng Tuệ | |
| 260 | |a Hải Phòng | ||
| 260 | |b Nhà xuất bản Hải Phòng | ||
| 260 | |c 2004 | ||
| 650 | |a Horoscopes | ||
| 650 | |z China | ||
| 904 | |i Minh, Năm | ||
| 980 | |a Trung tâm Học liệu Trường Đại học Cần Thơ | ||